Normal view
MARC view
Entry Topical Term
001 - CONTROL NUMBER
- control field: 11928
003 - CONTROL NUMBER IDENTIFIER
- control field: BD-RjUL
005 - DATE AND TIME OF LATEST TRANSACTION
- control field: 20240227115735.0
008 - FIXED-LENGTH DATA ELEMENTS
- fixed length control field: 240227|| aca||aabn | a|a d
040 ## - CATALOGING SOURCE
- Original cataloging agency: BD-RjUL
- Transcribing agency: BD-RjUL
150 ## - HEADING--TOPICAL TERM
- Topical term or geographic name entry element: Streptococcus mutans biofilm
- General subdivision: Antimicrobial
670 ## - SOURCE DATA FOUND
- Source citation: Work cat.: (BD-RjUL)83163: Habib, Tasnia 11927, Effect of antimicrobial agents used for the prevention of Streptococcus mutans biofilm formation /, 2020